| 000 | 01174cam a2200313 i 4500 | ||
|---|---|---|---|
| 001 | 20547 | ||
| 003 | CO-MdFUSB | ||
| 005 | 20180622170415.0 | ||
| 008 | 161003t2013 xxu||||f |||| 00| 0 eng d | ||
| 020 | _a978-0-8006-9977-2 | ||
| 040 |
_aCO-MdFUSB _bEspañol _cCO-MdFUSB _dCO-MdFUSB _erda |
||
| 041 | _aeng | ||
| 082 |
_224 _a270.1 _bC284j |
||
| 100 | 1 |
_aCarlson, Donald H. _eautor |
|
| 245 | 1 | 0 |
_aJewish-Christian interpretation of the Pentateuch _b: in the Pseudo-Clementine Homilies _c / Donald H. Carlson |
| 264 |
_aMinneapolis, Minnesota : _bFortress Press, _c2013 |
||
| 300 | _axvi, 250 páginas | ||
| 336 |
_2rdacontent _a1 _ba1 |
||
| 337 |
_2rdamedia _a2 _b5 |
||
| 338 |
_2rdacarrier _a2 _b5 |
||
| 500 | _aIncluye bibliografía e índices | ||
| 501 | _aRústico | ||
| 505 | 0 | 0 | _aVisión general - El rechazo del alegorismo - La teoría de las falsas perícopas - La enseñanza del verdadero profeta como criterio exegético - La tradición oral como criterio exegerical - el criterio de la armonía |
| 650 | 7 |
_9390 _aBiblia _b-- Pentateuco _xJudaísmo |
|
| 653 | _aIglesia primitiva | ||
| 653 | _aEarly church | ||
| 942 | _cBK | ||
| 999 |
_c46898 _d46898 |
||